My Chemical Romance Lyrics - Summertime Quiz Stats

 Plays Quiz not verified by Sporcle

Challenge
Share
Tweet
Embed
Score 0/160 Timer 10:00
0 Plays Today
% Correct
I
100%
I
100%
I
100%
I
100%
I
100%
the
98.8%
you
98.8%
you
98.8%
And
98.8%
and
98.8%
you
98.8%
the
98.8%
a
98.8%
And
98.8%
you
98.8%
the
98.8%
and
98.8%
You
98.8%
you
98.8%
a
98.8%
and
98.8%
the
98.8%
you
98.8%
the
98.8%
you
98.8%
You
98.8%
You
98.8%
you
98.8%
me
96.5%
in
96.5%
me
96.5%
in
96.5%
if
96.5%
stay,
96.5%
in
96.5%
can
96.5%
me
96.5%
can
96.5%
can
96.5%
me
96.5%
with
95.3%
all
95.3%
With
95.3%
your
95.3%
your
95.3%
all
95.3%
with
95.3%
your
95.3%
with
95.3%
out
94.1%
will
94.1%
take
94.1%
carry
94.1%
broken
94.1%
% Correct
until
94.1%
Until
94.1%
until
94.1%
my
94.1%
Until
94.1%
out
94.1%
away
94.1%
my
94.1%
away
94.1%
away
94.1%
bone
92.9%
now
92.9%
heart
92.9%
explodes
92.9%
of
92.9%
run
92.9%
of
92.9%
now
92.9%
run
92.9%
When
91.8%
lights
91.8%
go
91.8%
this
91.8%
even
91.8%
night,
91.8%
or
91.8%
anytime
91.8%
want
91.8%
when
91.8%
anytime
91.8%
want
91.8%
Anytime
91.8%
want
91.8%
would
90.6%
we
90.6%
way
90.6%
lip
89.4%
smile,
89.4%
find
89.4%
wait
88.2%
dark
88.2%
up
88.2%
through
87.1%
home?
87.1%
pick
87.1%
ground
87.1%
our
87.1%
what
87.1%
be
87.1%
what
87.1%
call
85.9%
off
85.9%
I've
85.9%
seen
85.9%
% Correct
six
84.7%
down
84.7%
knees
84.7%
kid
84.7%
from
84.7%
down
84.7%
highways
83.5%
Something
83.5%
gloss
83.5%
to
83.5%
them
83.5%
them
83.5%
Terrified
82.4%
Turn
82.4%
headphones
82.4%
real
82.4%
loud
82.4%
don't
82.4%
think
82.4%
Don't
82.4%
it
82.4%
I'd
81.2%
As
81.2%
can't
80%
know
80%
hand,
80%
years
78.8%
rooms
78.8%
brick
78.8%
put
78.8%
Just
78.8%
need
78.8%
on
78.8%
harm
77.6%
back
77.6%
pieces
76.5%
people
75.3%
together
75.3%
Every
74.1%
crowded
72.9%
day
72.9%
walk
72.9%
single
71.8%
Because
71.8%
try
70.6%
smash
69.4%
scraped-up
68.2%
noise
68.2%
write
63.5%
arm
62.4%
stopped
44.7%
Well
44.7%

You're not logged in!

Compare scores with friends on all Sporcle quizzes.
Join for Free
OR
Log In

You Might Also Like...

Show Comments

Extras

Top Quizzes Today


Score Distribution

Your Account Isn't Verified!

In order to create a playlist on Sporcle, you need to verify the email address you used during registration. Go to your Sporcle Settings to finish the process.

Report this User

Report this user for behavior that violates our Community Guidelines.

Details: